000 00383nam a2200157Ia 4500
005 20250123041851.0
008 240331s9999 xx 000 0 und d
020 _a0140054111
082 _bCES
_a920
100 _aCecil, D
245 2 _aA portrait of Jane Austen
260 _aNew York
_bPenguin Books
_c1980
300 _a208 p .,
500 _aA Biography Jane Austen
942 _cL
999 _c3447
_d3447